|
|
|
|
| LEADER |
00000nam0a2200000 4500 |
| 001 |
355522 |
| 005 |
20231102010813.0 |
| 035 |
|
|
|a (RuTPU)RU\TPU\retro\12782
|
| 090 |
|
|
|a 355522
|
| 100 |
|
|
|a 20200709d1979 km y0rusy50 ca
|
| 101 |
0 |
|
|a rus
|
| 102 |
|
|
|a UA
|
| 105 |
|
|
|a a z 001zy
|
| 200 |
1 |
|
|a Гравитационная модель коры и верхней мантии земли
|f Академия наук Украинской ССР, Институт геофизики ; под ред. С. И. Субботина
|
| 210 |
|
|
|a Киев
|c Наукова думка
|d 1979
|
| 215 |
|
|
|a 248 с.
|c ил.
|
| 320 |
|
|
|a Библиогр.: с. 235-245
|
| 606 |
1 |
|
|a Мантия Земли
|2 stltpush
|3 (RuTPU)RU\TPU\subj\40996
|9 60820
|
| 606 |
1 |
|
|a Земная кора
|2 stltpush
|3 (RuTPU)RU\TPU\subj\11771
|9 38669
|
| 606 |
1 |
|
|a Гравитационная разведка
|2 stltpush
|3 (RuTPU)RU\TPU\subj\8445
|9 35856
|
| 610 |
1 |
|
|a гравитационные модели
|
| 610 |
1 |
|
|a верхняя мантия
|
| 610 |
1 |
|
|a гравитационные поля
|
| 610 |
1 |
|
|a физические основы
|
| 610 |
1 |
|
|a анализ
|
| 610 |
1 |
|
|a плотностные модели
|
| 610 |
1 |
|
|a строение
|
| 675 |
|
|
|a 551.14
|v 4
|
| 675 |
|
|
|a 551.1
|v 4
|
| 675 |
|
|
|a 550.831
|v 4
|
| 702 |
|
1 |
|a Субботин
|b С. И.
|4 340
|
| 712 |
0 |
2 |
|a Академия наук Украинской ССР
|b Институт геофизики
|c (Киев)
|2 stltpush
|3 (RuTPU)RU\TPU\col\13865
|9 25810
|
| 801 |
|
1 |
|a RU
|b 63413507
|c 20200709
|
| 801 |
|
2 |
|a RU
|b 63413507
|c 20230623
|g RCR
|
| 942 |
|
|
|c BK
|